| 000 | 00929nam a2200229 i 4500 | ||
|---|---|---|---|
| 001 | 114791 | ||
| 003 | ES-MaACL | ||
| 005 | 20240312062544.0 | ||
| 007 | t| | ||
| 008 | 070328s1906 sp |||| |dspa d | ||
| 100 | 1 |
_aRíos, Blanca de los, _d1859-1956 _997357 |
|
| 245 | 1 | 0 |
_aTirso de Molina _b: conferencia leída por su autora en el Ateneo de Madrid el día 23 de abril de 1906 / _cBlanca de los Ríos Lampérez. |
| 260 |
_aMadrid : _b[s.n.], _c1906 ( _fImp. de Bernardo Rodríguez) |
||
| 300 |
_a51 p. ; _c19 cm. |
||
| 530 | _aDisponible en formato digital. | ||
| 600 | 1 | 4 |
_aMolina, Tirso de, _d1579-1648 _9226522 |
| 610 | 2 | 4 |
_aAteneo de Madrid- _vConferencias- _y1900-1939 _91907 |
| 710 | 2 |
_aAteneo de Madrid. _91875 |
|
| 852 |
_aES-MaACL _jT-1086-F-4 _z. - Dedicatoria autógrafa de la autora |
||
| 856 |
_uhttps://archive.org/details/tirsodemolina00rosd/page/n7 _zInternet Archive |
||
| 999 |
_c114791 _d114791 |
||